Language Quiz

Random Language or Letter Quiz

17 Ways Not to Say 'Bing' Quiz Stats

 Plays Quiz Updated May 10, 2015

Challenge
Share
Tweet
Embed
Score 0/17 Timer 01:30
1 Play Today
Hint Answer % Correct
Change the BSING
97.1%
Change the IBANG
95.5%
Change the IBONG
95.2%
Change the BDING
95.1%
Change the BRING
94.6%
Change the BTING
92.2%
Change the BWING
91.7%
Change the IBUNG
91.4%
Change the BPING
90.3%
Hint Answer % Correct
Change the BLING
88.6%
Change the BZING
85.8%
Change the BKING
84.6%
Change the GBIND
79%
Change the GBINT
72.2%
Change the GBINS
69.8%
Change the GBINE
69.3%
Change the NBIOG
31.4%

You're not logged in!

Compare scores with friends on all Sporcle quizzes.
Join for Free
OR
Log In

You Might Also Like...

Show Comments

Extras

Top Quizzes Today


Score Distribution

Your Account Isn't Verified!

In order to create a playlist on Sporcle, you need to verify the email address you used during registration. Go to your Sporcle Settings to finish the process.

Report this User

Report this user for behavior that violates our Community Guidelines.

Details: